000 01185nam a2200313Ia 4500
001 ebr10346161
003 CaPaEBR
006 m u
007 cr cn|||||||||
008 081113s2009 mau sb 001 0 eng d
010 _z 2008049752
020 _z9781405180658 (hardcover : alk. paper)
020 _z9781405180641 (pbk. : alk. paper)
040 _aCaPaEBR
_cCaPaEBR
035 _a(OCoLC)651657367
050 1 4 _aBQ4022
_b.F38 2009eb
082 0 4 _a294.3
_222
100 1 _aFaure, Bernard.
245 1 0 _aUnmasking Buddhism
_h[electronic resource] /
_cBernard Faure.
260 _aMalden, MA ;
_aChichester, West Sussex :
_bWiley-Blackwell,
_cc2009.
300 _avi, 159 p.
504 _aIncludes bibliographical references and index.
533 _aElectronic reproduction.
_bPalo Alto, Calif. :
_cebrary,
_d2010.
_nAvailable via World Wide Web.
_nAccess may be limited to ebrary affiliated libraries.
650 0 _aBuddhism.
650 0 _aBuddhism
_xHistory.
655 7 _aElectronic books.
_2local
710 2 _aebrary, Inc.
856 4 0 _uhttp://site.ebrary.com/lib/rucke/Doc?id=10346161
_zAn electronic book accessible through the World Wide Web; click to view
999 _c48321
_d48321